Стратегии управления бизнесом. От теории к практической разработке и реализации: монография

Λεπτομέρειες βιβλιογραφικής εγγραφής
Κύριος συγγραφέας: Грушенко В. И. Валерий Иванович
Περίληψη:Представленный автором материал является результатом многолетних теоретических исследований и практического знакомства с опытом работы многих зарубежных и российских компаний во время стажировки и учебы в США, ФРГ, Австрии, Швеции, а также выполнения более 40 бизнес-проектов по разработке стратегий развития и управления российских компаний и личного опыта работы в качестве процессорного преподавателя-консультанта российско-шведского проекта «Развивай свою фирму» в 2001-2007 гг. Показана эволюция концепций, принципов и методов управления бизнесом на разных исторических этапах развития. Основное внимание уделено изменению роли потребителя в бизнесе в процессе развития его внутренних потребностей и ценностей. Для студентов, аспирантов, преподавателей и руководителей компаний, изучающих дисциплины и вопросы, связанные с выбором стратегии развития и управления бизнесом.
Γλώσσα:Ρωσικά
Έκδοση: Москва, ЮНИТИ-ДАНА, 2010
Θέματα:
Μορφή: Βιβλίο
KOHA link:https://koha.lib.tpu.ru/cgi-bin/koha/opac-detail.pl?biblionumber=188548

MARC

LEADER 00000nam0a2200000 4500
001 188548
005 20231101224137.0
010 |a 9785238017686 
035 |a (RuTPU)RU\TPU\book\204795 
090 |a 188548 
100 |a 20101210d2010 k y0rusy50 ca 
101 0 |a rus 
102 |a RU 
105 |a a z 001zy 
200 1 |a Стратегии управления бизнесом. От теории к практической разработке и реализации  |e монография  |f В. И. Грушенко 
210 |a Москва  |c ЮНИТИ-ДАНА  |d 2010  |c Закон и право 
215 |a 295 с.  |c ил. 
320 |a Библиогр.: с. 292-293. 
330 |a Представленный автором материал является результатом многолетних теоретических исследований и практического знакомства с опытом работы многих зарубежных и российских компаний во время стажировки и учебы в США, ФРГ, Австрии, Швеции, а также выполнения более 40 бизнес-проектов по разработке стратегий развития и управления российских компаний и личного опыта работы в качестве процессорного преподавателя-консультанта российско-шведского проекта «Развивай свою фирму» в 2001-2007 гг. Показана эволюция концепций, принципов и методов управления бизнесом на разных исторических этапах развития. Основное внимание уделено изменению роли потребителя в бизнесе в процессе развития его внутренних потребностей и ценностей. Для студентов, аспирантов, преподавателей и руководителей компаний, изучающих дисциплины и вопросы, связанные с выбором стратегии развития и управления бизнесом. 
606 1 |a Предприятия  |x Экономика  |x Управление  |2 stltpush  |3 (RuTPU)RU\TPU\subj\36690  |9 57983 
606 1 |a Фирмы  |x Управление  |2 stltpush  |3 (RuTPU)RU\TPU\subj\37238  |9 58336 
610 1 |a бизнес 
610 1 |a бизнес-стратегии 
610 1 |a изменения 
610 1 |a социальная ориентация 
610 1 |a стратегическое управление 
610 1 |a концепции 
610 1 |a методология 
610 1 |a внешняя среда 
610 1 |a планирование 
610 1 |a конкурентоспособность 
610 1 |a конкурентные стратегии 
610 1 |a конкурентная борьба 
610 1 |a диверсификация 
610 1 |a зарубежный опыт 
610 1 |a Volvo 
610 1 |a IKEA 
610 1 |a Daewo 
610 1 |a сегментирование 
610 1 |a рынок 
610 1 |a потребители 
610 1 |a маркетинг 
610 1 |a конечные потребители 
686 |a У012.12  |v LBC/SL-A  |2 rubbk 
686 |a У9(2)29-2  |v LBC/SL-A  |2 rubbk 
700 1 |a Грушенко  |b В. И.  |g Валерий Иванович 
801 1 |a RU  |b 63413507  |c 20101210 
801 2 |a RU  |b 63413507  |c 20120410  |g RCR 
942 |c BK 
959 |a 89/20101208  |d 1  |e 500,00  |f ЧЗГЛ:1